[Event "Prague Summer op 4th"]
[Site "Prague"]
[Date "2017.08.04"]
[Round "1"]
[White "Karayev, Kanan"]
[Black "Borondo Garcia, Raul"]
[Result "1-0"]
[WhiteElo "2228"]
[BlackElo "1922"]
[PlyCount "79"]
[EventDate "2017.08.04"]
[EventType "swiss"]
[EventRounds "9"]
[EventCountry "CZE"]
[SourceTitle "CBM 179 Extra"]
[Source "ChessBase"]
[SourceDate "2017.08.23"]
[SourceVersion "1"]
[SourceVersionDate "2017.08.23"]
[SourceQuality "1"]

1. e4 c5 2. Nf3 e6 3. d4 cxd4 4. Nxd4 a6 5. Nc3 Qc7 6. Be3 Bb4 7. Qd2 Nf6 8. f3 d5 9. exd5 Nxd5 10. Nde2 Nxe3 11. Qxe3 0-0 12. 0-0-0 Nc6 13. a3 Be7 14. h4 b5 15. Qf4 Qb6 16. Ne4 e5 17. Qg3 Be6 18. N2c3 f6 19. f4 Rad8 20. Bd3 b4 21. axb4 Bxb4 22. f5 Bxc3 23. Nxc3 Bf7 24. h5 h6 25. Rh4 Kh8 26. Rg4 Rg8 27. Bc4 Rxd1+ 28. Nxd1 Bxc4 29. Rxc4 Nd4 30. Qe3 Qb5 31. Qd3 Qb7 32. Ne3 Rb8 33. b3 Qe7 34. Ra4 Qc5 35. Kb2 Rb6 36. Rc4 Qd6 37. Rc8+ Kh7 38. Nc4 Qb4 39. Nxb6 Qxb6 40. Rc4 1-0

[Event "Seville op 40th"]
[Site "Seville"]
[Date "2015.01.26"]
[Round "3"]
[White "Medina Carrasco, Santiago"]
[Black "Borondo Garcia, Raul"]
[Result "1-0"]
[WhiteElo "2200"]
[BlackElo "2009"]
[PlyCount "95"]
[EventDate "2015.01.25"]
[EventType "swiss"]
[EventRounds "9"]
[EventCountry "ESP"]
[SourceTitle "CBM 164 Extra"]
[Source "ChessBase"]
[SourceDate "2015.03.02"]
[SourceVersion "1"]
[SourceVersionDate "2015.03.02"]
[SourceQuality "1"]

1. d4 d5 2. Nf3 Nf6 3. c4 c6 4. e3 a6 5. Nc3 Bg4 6. Qb3 b5 7. cxb5 axb5 8. Ne5 Bd7 9. Be2 e6 10. 0-0 Bd6 11. Bd2 Qe7 12. f4 0-0 13. a4 b4 14. Na2 Na6 15. Bxa6 Rxa6 16. Bxb4 Rb8 17. Bxd6 Qxd6 18. Qc2 Rba8 19. Nc3 Be8 20. Nd3 Nd7 21. b4 Nb6 22. Nc5 R6a7 23. Qe2 f5 24. a5 Nc4 25. N3a4 h6 26. Rac1 Na3 27. Nb6 Rb8 28. h3 Nb5 29. Nd3 Kh7 30. Kh2 Rc7 31. Nc5 Ra7 32. g3 Kh8 33. Rg1 Kh7 34. g4 g6 35. Kh1 Kh8 36. Qf2 Kh7 37. Qh4 Kg7 38. Rg2 Na3 39. Qg3 Nb5 40. h4 Kh7 41. h5 Rg7 42. Qh3 Qe7 43. Rcg1 gxh5 44. gxf5 Rxg2 45. Rxg2 h4 46. Nxe6 Qf6 47. Qg4 Bh5 48. Qxh5 1-0

[Event "Krakow op"]
[Site "Krakow"]
[Date "2011.08.11"]
[Round "7"]
[White "Kumor, Lukasz"]
[Black "Borondo Garcia, Raul"]
[Result "1-0"]
[WhiteElo "2116"]
[BlackElo "2010"]
[PlyCount "77"]
[EventDate "2011.08.06"]
[EventType "swiss"]
[EventRounds "9"]
[EventCountry "POL"]
[SourceTitle "CBM 144 Extra"]
[Source "ChessBase"]
[SourceDate "2011.10.28"]
[SourceVersion "1"]
[SourceVersionDate "2011.10.28"]
[SourceQuality "1"]

1. e4 c5 2. Nf3 Nc6 3. d4 cxd4 4. Nxd4 Nf6 5. Nc3 e5 6. Ndb5 d6 7. Bg5 a6 8. Na3 b5 9. Nd5 Qa5+ 10. Bd2 Qd8 11. c4 b4 12. Nxf6+ gxf6 13. Nc2 a5 14. Be2 Be7 15. Ne3 Rg8 16. 0-0 Nd4 17. Bd3 Bb7 18. b3 f5 19. f3 f4 20. Nd5 Bh4 21. Be1 Bxe1 22. Qxe1 Bxd5 23. cxd5 Qg5 24. Qf2 Rc8 25. Rac1 Kd7 26. Ba6 Rc3 27. Rxc3 bxc3 28. Rc1 c2 29. Kh1 Rb8 30. Rxc2 a4 31. Rc3 axb3 32. axb3 Re8 33. Qf1 Qh4 34. Rc1 Ke7 35. b4 Nb3 36. Rc6 Rg8 37. Rc7+ Kf6 38. Rd7 Rg6 39. Rxd6+ 1-0

[Event "Seville op 33rd"]
[Site "Seville"]
[Date "2008.01.06"]
[Round "2"]
[White "Epishin, Vladimir"]
[Black "Borondo Garcia, Raul"]
[Result "1-0"]
[WhiteElo "2577"]
[BlackElo "2052"]
[PlyCount "77"]
[EventDate "2008.01.05"]
[EventType "swiss"]
[EventRounds "9"]
[EventCountry "ESP"]
[SourceTitle "CBM 122 Extra"]
[Source "ChessBase"]
[SourceDate "2008.03.04"]
[SourceVersion "1"]
[SourceVersionDate "2008.03.04"]
[SourceQuality "1"]

1. d4 d5 2. c4 c6 3. Nf3 Nf6 4. Qb3 e6 5. Bg5 Be7 6. e3 Ne4 7. Bxe7 Qxe7 8. Bd3 f5 9. Ne5 0-0 10. Qa3 Qd8 11. 0-0 a5 12. f3 Nf6 13. Nd2 dxc4 14. Bxc4 b5 15. Be2 Nd5 16. Rfe1 f4 17. exf4 Rxf4 18. Ne4 b4 19. Qd3 Rf5 20. Qd2 Nf4 21. Rad1 Nd5 22. Bd3 Rf4 23. g3 Rf5 24. f4 a4 25. Ng5 h6 26. Ngf3 Rf6 27. Bb1 Nd7 28. Ng4 a3 29. Qc2 Nf8 30. Nxf6+ Nxf6 31. b3 h5 32. Re5 Ng4 33. Rxh5 Ne3 34. Qe2 Nxd1 35. Qxd1 Ra5 36. Ne5 Rd5 37. Nxc6 Qe8 38. Rxd5 exd5 39. Ne5 1-0

[Event "Seville op 31st"]
[Site "Seville"]
[Date "2006.01.10"]
[Round "4"]
[White "Spraggett, Kevin"]
[Black "Borondo Garcia, Raul"]
[Result "1-0"]
[WhiteElo "2581"]
[BlackElo "2054"]
[PlyCount "51"]
[EventDate "2006.01.07"]
[EventType "swiss"]
[EventRounds "9"]
[EventCountry "ESP"]
[SourceTitle "CBM 110 Extra"]
[Source "ChessBase"]
[SourceDate "2006.03.10"]
[SourceVersion "2"]
[SourceVersionDate "2006.03.10"]
[SourceQuality "1"]

1. e4 c5 2. Nf3 d6 3. d4 cxd4 4. Nxd4 Nf6 5. Nc3 a6 6. Bg5 e6 7. f4 Be7 8. Qf3 Qc7 9. 0-0-0 Nc6 10. Nxc6 bxc6 11. e5 Nd5 12. Bxe7 Qxe7 13. Ne4 dxe5 14. fxe5 0-0 15. c4 Rb8 16. cxd5 exd5 17. Nd2 a5 18. a3 g6 19. Qc3 d4 20. Qxd4 Rd8 21. Qc3 Bf5 22. Bc4 Rb6 23. Nf3 Rdb8 24. Rd2 a4 25. e6 f6 26. Rhd1 1-0

[Event "Seville op 31st"]
[Site "Seville"]
[Date "2006.01.08"]
[Round "2"]
[White "Mirzoev, Azer"]
[Black "Borondo Garcia, Raul"]
[Result "1-0"]
[WhiteElo "2498"]
[BlackElo "2054"]
[PlyCount "77"]
[EventDate "2006.01.07"]
[EventType "swiss"]
[EventRounds "9"]
[EventCountry "ESP"]
[SourceTitle "CBM 110 Extra"]
[Source "ChessBase"]
[SourceDate "2006.03.10"]
[SourceVersion "2"]
[SourceVersionDate "2006.03.10"]
[SourceQuality "1"]

1. d4 d5 2. c4 c6 3. Nf3 e6 4. e3 Nf6 5. Bd3 Nbd7 6. 0-0 Be7 7. Nc3 0-0 8. b3 b6 9. Bb2 Bb7 10. Qe2 c5 11. Rad1 cxd4 12. exd4 Qb8 13. Ne5 Rd8 14. f4 Nf8 15. f5 Bd6 16. Nb5 Bb4 17. fxe6 Nxe6 18. Bf5 Nf8 19. a3 a6 20. axb4 axb5 21. c5 bxc5 22. bxc5 b4 23. Ra1 Ne4 24. Nxf7 Rxa1 25. Bxa1 Re8 26. Ne5 Qa8 27. Qc2 Ba6 28. Re1 Nf6 29. Bb2 Qb8 30. Ra1 Bc8 31. h3 Qc7 32. Rf1 Ba6 33. Rf3 Bb5 34. Bc1 Ra8 35. Bg5 h6 36. Bxf6 gxf6 37. Rg3+ Kh8 38. Qd2 Nh7 39. Qxh6 1-0

[Event "Seville op 27th"]
[Site "Seville"]
[Date "2002.01.12"]
[Round "2"]
[White "Borondo Garcia, Raul"]
[Black "Cifuentes Parada, Roberto"]
[Result "0-1"]
[WhiteElo "2018"]
[BlackElo "2521"]
[PlyCount "46"]
[EventDate "2002.01.11"]
[EventType "swiss"]
[EventRounds "9"]
[EventCountry "ESP"]
[SourceTitle "CBM 086 Extra"]
[Source "ChessBase"]
[SourceDate "2002.03.14"]
[SourceVersion "1"]
[SourceVersionDate "2002.03.14"]
[SourceQuality "1"]

1. e4 c5 2. Nf3 Nc6 3. d4 cxd4 4. Nxd4 Nf6 5. Nc3 d6 6. Bg5 Bd7 7. Qd2 Rc8 8. Be2 a6 9. f3 e6 10. a4 Be7 11. 0-0 Nxd4 12. Qxd4 d5 13. Kh1 dxe4 14. fxe4 Bc6 15. Qe3 0-0 16. Bxf6 Bxf6 17. Rad1 Qa5 18. Rf3 Rcd8 19. Bd3 Bxc3 20. bxc3 Qxc3 21. Rg3 Qe5 22. Re1 f6 23. Qh6 Qxg3 0-1